Statistiques concernant La plus grande ville de chaque pays du monde

Cliquez ici pour prendre le quiz!

Statistiques générales

  • Ce quiz a été pris 103 fois
    (83 depuis la dernière actualisation)
  • Le résultat moyen est 122 sur 196

Statistiques - réponses

PaysRéponse% Correct
AlgérieAlger
96%
AllemagneBerlin
95%
ArgentineBuenos Aires
95%
AndorreAndorre-la-Vieille
93%
AustralieSydney
93%
AutricheVienne
93%
BelgiqueBruxelles
92%
AfghanistanKaboul
92%
AlbanieTirana
88%
BiélorussieMinsk
87%
Afrique du SudJohannesburg
85%
FranceParis
84%
Arabie SaouditeRiyad
84%
GrèceAthènes
83%
DanemarkCopenhague
83%
IrlandeDublin
83%
ArménieErevan
83%
FinlandeHelsinki
83%
ÉgypteLe Caire
83%
EspagneMadrid
83%
États-UnisNew York
83%
Corée du SudSéoul
83%
BulgarieSofia
83%
CroatieZagreb
83%
AzerbaidjanBakou
81%
PortugalLisbonne
81%
LuxembourgLuxembourg
81%
Bosnie-HerzégovineSarajevo
81%
JaponTokyo
81%
Pays-BasAmsterdam
80%
CubaLa Havane
80%
MexiqueMexico
80%
ItalieMilan
80%
MonacoMonaco
80%
ChiliSantiago
80%
TunisieTunis
80%
PologneVarsovie
80%
LituanieVilnius
80%
LibanBeyrouth
79%
RoumanieBucarest
79%
HongrieBudapest
79%
UkraineKiev
79%
Royaume-UniLondres
79%
RussieMoscou
79%
République TchèquePrague
79%
IslandeReykjavik
79%
BrésilSao Paulo
79%
EstonieTallinn
79%
IranTeheran
79%
ColombieBogota
77%
TurquieIstanbul
77%
IndonésieJakarta
77%
PérouLima
77%
NorvègeOslo
77%
Corée du NordPyongyang
77%
LettonieRiga
77%
SingapourSingapour
77%
VaticanVatican
77%
IrakBagdad
76%
MarocCasablanca
76%
DjiboutiDjibouti
76%
GuatemalaGuatemala
76%
JamaiqueKingston
76%
SuèdeStockholm
76%
ChineShanghai
75%
MaliBamako
73%
SlovaquieBratislava
73%
BangladeshDacca
73%
SyrieDamas
73%
KoweitKoweit
73%
IndeMumbai
73%
ChypreNicosie
73%
PanamaPanama
73%
HaitiPort-au-Prince
73%
ThailandeBangkok
72%
SénégalDakar
72%
AngolaLuanda
72%
PhilippinesManille
72%
KenyaNairobi
72%
Burkina FasoOuagadougou
72%
MongolieOulan-Bator
72%
CanadaToronto
72%
LibyeTripoli
72%
IsraelTel-Aviv
71%
MadagascarAntananarivo
69%
UruguayMontevideo
69%
ÉthiopieAddis-Abeba
68%
JordanieAmman
68%
SerbieBelgrade
68%
République du CongoBrazzaville
68%
QatarDoha
68%
République Démocratique du CongoKinshasa
68%
MalaisieKuala Lumpur
68%
GabonLibreville
68%
GéorgieTbilissi
68%
VénézuelaCaracas
67%
SlovénieLjubljana
67%
KosovoPristina
67%
Guinée-BissauBissau
65%
NépalKatmandou
65%
NigeriaLagos
65%
SalvadorSan Salvador
65%
TaiwanTaipei
65%
SuisseZurich
65%
Cote d'IvoireAbidjan
64%
GuinéeConakry
64%
Émirats Arabes UnisDubai
64%
SoudanKhartoum
63%
BahamasNassau
63%
GhanaAccra
61%
ParaguayAsuncion
61%
MoldavieChisinau
61%
Sierra LeoneFreetown
61%
MauritanieNouakchott
61%
MonténégroPodgorica
61%
YemenSanaa
61%
Macédoine du NordSkopje
61%
LaosVientiane
61%
MaldivesMalé
60%
République DominicaineSaint-Domingue
60%
Nouvelle-ZélandeAuckland
57%
TogoLomé
57%
OmanMascate
57%
Costa RicaSan José
57%
Sao-Tomé-et-PrincipeSao-Tomé
57%
HondurasTegucigalpa
57%
BahreinManama
56%
LibériaMonrovia
56%
TchadNdjamena
56%
NigerNiamey
56%
CambodgePhnom Penh
56%
NamibieWindhoek
56%
République CentrafricaineBangui
55%
ZimbabweHarare
55%
Viet-NamHo-Chi-Minh-Ville
55%
RwandaKigali
55%
Cap-VertPraia
55%
ÉrythréeAsmara
53%
GambieBanjul
53%
ZambieLusaka
53%
TanzanieDar-es-Salam
52%
Timor OrientalDili
52%
BotswanaGaborone
52%
GuyanaGeorgetown
52%
OugandaKampala
52%
NicaraguaManagua
52%
SomalieMogadiscio
52%
SeychellesVictoria
52%
PakistanKarachi
51%
MalawiLilongwe
51%
Guinée équatorialeMalabo
51%
ComoresMoroni
51%
Papouasie-Nouvelle-GuinéePort-Moresby
51%
BhoutanThimphou
51%
MozambiqueMaputo
49%
KirghizistanBichkek
48%
Sri LankaColombo
48%
LesothoMaseru
48%
MauricePort-Louis
48%
OuzbékistanTachkent
48%
Soudan du SudDjouba
47%
TadjikistanDouchanbé
47%
SurinameParamaribo
47%
FidjiSuva
47%
Antigua-et-BarbudaSaint John's
45%
BruneiBandar Seri Begawan
44%
TurkménistanAchgabat
43%
BirmanieRangoon
43%
DominiqueRoseau
43%
BarbadeBridgetown
41%
BurundiBujumbura
41%
Sainte-LucieCastries
40%
BéninCotonou
37%
Saint-Christophe-et-NiévèsBasseterre
36%
CamerounDouala
36%
Saint-Vincent-et-les-GrenadinesKingstown
35%
GrenadeSaint-Georges
33%
SamoaApia
31%
BelizeBelize City
31%
SalomonHoniara
31%
TongaNuku'alofa
29%
VanuatuPort-Vila
29%
KiribatiTarawa
29%
NauruYaren
29%
TuvaluFunafuti
28%
ÉquateurGuayaquil
27%
KazakhstanAlmaty
25%
BolivieSanta Cruz
21%
LiechtensteinSchaan
16%
PalaosKoror
11%
MalteBirkirkara
9%
Saint-MarinSerravalle
8%
MarshallDelap-Uliga-Darrit
7%
EswatiniManzini
7%
MicronésieWeno
3%
Trinidad-et-TobagoChaguanas
1%

Distribution des résultats

Percentile par nombre de réponses

% des personnes avec chaque résultat

Votre développement - résultats

Vous n’avez pas pris ce quiz depuis la dernière actualisation